Výzkum na téma: wellness služby

Pojem wellnes, hotelový wellness. Dôvody k návšteve wellness centra. Výsledky dotazníkového prieskumu v Česku.

Salvato in:
Dettagli Bibliografici
Autore principale: Vaníček, Jiří
Natura: Capitolo di libro
Lingua:ceco
Soggetti:
Tags: Aggiungi Tag
Nessun Tag, puoi essere il primo ad aggiungerne!!

MARC

LEADER 00000naa a2200000 4500
001 0177982
005 20231115070149.5
041 0 |a cze 
044 |a CZ 
245 1 0 |a Výzkum na téma: wellness služby  |c Jiří Vaníček 
520 |a Pojem wellnes, hotelový wellness. Dôvody k návšteve wellness centra. Výsledky dotazníkového prieskumu v Česku. 
610 2 0 |a ruch cestovný domáci 
610 2 0 |a ruch cestovný zdravotný 
610 2 0 |a zdravie 
610 2 0 |a relaxácia 
610 2 0 |a Česko 
100 1 |a Vaníček, Jiří